CNN's Top 10 Vice Presidents for Joe Biden 6/18/2020 - Statistics

General Stats
  • This quiz has been taken 46 times
  • The average score is 5 of 10
Answer Stats
Ranking Known As... Answer % Correct
#1 California Senator Kamala Harris
100%
#5 Massachusetts Senator Elizabeth Warren
76%
#10 Michigan Governor Gretchen Whitmer
51%
#6 Former National Security Advisor Susan Rice
51%
#7 Illinois Senator Tammy Duckworth
49%
#2 Atlanta Mayor Keisha Lance Bottoms
42%
#8 Wisconsin Senator Tammy Baldwin
42%
#4 Florida Representative Val Demings
42%
#9 Rhode Island Governor Gina Raimondo
33%
#3 New Mexico Governor Michelle Lujan Grisham
31%
No matching quizzes found
Score Distribution
Percent of People with Each Score
Percentile by Number Answered
Your Score History
You have not taken this quiz